| 000 | 00460nam a2200181Ia 4500 | ||
|---|---|---|---|
| 003 | GCL | ||
| 008 | 140319s9999 xx 000 0 eng d | ||
| 040 |
_aGCL / _cGCL |
||
| 082 | 0 | 4 |
_a843 _bM R |
| 100 | 1 | _aMORA-LEBRUN, FRANCINE | |
| 245 | 1 | 0 |
_aLE ROMAN DE THEBES / _cMORA-LEBRUN, FRANCINE |
| 260 |
_a[S.N] : _bLE LIVRE DE POCHE ، _c1995 |
||
| 300 | _a761 P | ||
| 650 | 0 | 4 | _aLITERATURE |
| 650 | 0 | 4 | _aTHEBES |
| 650 | 0 | 4 | _aFRENCH LITERATURE |
| 942 |
_2ddc _cBK |
||
| 999 |
_c24703 _d24703 |
||